000 00479nam a2200181Ia 4500
005 20250326141358.0
008 250326s9999 xx 000 0 und d
037 _aTextbook
040 _aFMSL
_beng
_cFMSL
041 _aeng
_2eng
084 _qFMSL
100 _aEckles Rober W
_9744313
245 0 _aBusiness marketing management
_cEckles Rober W
260 _aEnglewood
_bEnglewood, prentice Hall
_c1990
300 _a488p
942 _cTB
999 _c1290028
_d1290028